Представление документа в формате RUSMARC

ПолеНазваниеЗначение
  Тип записи a
  Библиографический уровень m
001 Контрольный номер 6f935981a0ff4a198b979b09d21548fd
005 Дата корректировки 20140620154420.2
010 Индекс ISBN __
a ISBN 5-94909-093-4
200 Заглавие и сведения об ответственности 1_
a Заглавие Прием работников по новому трудовому кодексу РФ
f Первые сведения об ответственности Пустозерова В.М.
210 Выходные данные 1_
a Место издания М.
c Издательство ПРИОР
d Дата издания 2003
215 Физическое описание __
a Объем 64 с.
300 Общие примечания __
a Общие примечания В содерж.: Практ. рекомендации;Формы документов
610 Ключевые слова 0_
a Ключевые слова трудовой кодекс
610 Ключевые слова 0_
a Ключевые слова трудовое законодательство
610 Ключевые слова 0_
a Ключевые слова прием на работу
610 Ключевые слова 0_
a Ключевые слова увольнения
610 Ключевые слова 0_
a Ключевые слова трудовые книжки
686 Индексы других классификаций __
a Классификационный индекс 67.627
2 Код системы rubbk
700 Автор _1
a Фамилия Пустозерова В.М.
801 Источник записи _0
a Страна RU
b Организация РУК
c Дата составления 20031111
g Правила каталогизации PSBO
801 Источник записи _1
a Страна RU
b Организация РУК
c Дата составления 20031111
g Правила каталогизации PSBO
852 Данные о местонахождении __
i Авторский знак П89
j Шифр хранения ББК 67
901 Тип документа __
t Тип документа m
938 Служебная информация __
a Название организации Головной вуз
b Имя БД BOOK
c Название АИБС АИБС ИРБИС